[Event "POL-ch Rapid"]
[Site "Lublin"]
[Date "2023.10.07"]
[Round "1"]
[White "Dubowski, Robert"]
[Black "Maksimenko, Andrei"]
[Result "0-1"]
[WhiteElo "1414"]
[BlackElo "2421"]
[PlyCount "96"]
[EventDate "2023.10.07"]
[EventType "swiss (rapid)"]
[EventRounds "9"]
[EventCountry "POL"]
[SourceTitle "CBM 216 Extra"]
[Source "ChessBase"]
[SourceDate "2023.11.30"]
[SourceVersion "1"]
[SourceVersionDate "2023.11.30"]
[SourceQuality "1"]

1. d4 Nf6 2. c4 e6 3. Nc3 Bb4 4. a3 Bxc3+ 5. bxc3 b6 6. Nf3 Ba6 7. Bg5 Bxc4 8. Ne5 Ba6 9. e4 Bxf1 10. Kxf1 h6 11. Bxf6 Qxf6 12. Qf3 Qxf3 13. gxf3 d6 14. Nc4 Nd7 15. Rg1 g6 16. Rd1 Ke7 17. Ke2 c6 18. Ne3 b5 19. Rd2 Rhb8 20. Rb1 Rb6 21. Rdb2 Ra6 22. c4 bxc4 23. Nxc4 Ra4 24. Rb4 Rxb4 25. Rxb4 Rb8 26. Na5 Rc8 27. Rb7 a6 28. Ra7 c5 29. Rxa6 cxd4 30. Nc6+ Kf6 31. Nxd4 Ke5 32. Nb5 d5 33. Rd6 Nf6 34. exd5 Nxd5 35. Rd7 f5 36. a4 Rc2+ 37. Kd3 Rxf2 38. a5 Rxf3+ 39. Kc4 Rf4+ 40. Kc5 Rf2 41. a6 Rc2+ 42. Nc3 Rxc3+ 43. Kb5 Rb3+ 44. Ka4 Rb1 45. Ka5 f4 46. a7 f3 47. Rf7 Ra1+ 48. Kb5 Nf6 0-1